000 00262nam a2200097Ia 4500
008 241105s9999 xx 000 0 und d
041 _aeng
100 _aKulkarni Priyanka
245 _aDesigning Of Sub Market Yard Uruli Devachi Pune.
260 _bBNCA, Pune
_c2019
999 _c361834
_d361834